000
00286nam a22001337a 4500
008
170424b xxu||||| |||| 00| 0 eng d
020
_a
9780618624348
041
_a
eng
080
_2
6 ED
_a
54
100
_a
12
101
_a
SHM
245
_a
CHEMISTRY
_c
ZUMDAHL.S.S
942
_2
udc
_c
BK
999
_c
11722
_d
11722